• 首页
  • 本馆介绍
  • 公告通知
  • 最新文献
  • 馆藏检索
  • 电子资源
  • 读者导购
  • 参考咨询
  • 我的图书馆
  • 登录
  • 详细信息显示
  • 放入我的书架
  • 预约/预借图书
  • 作者相关作品
  • 分类相关作品
  • 丛书相关作品
  • 出版社相关作品

书目信息

  • 表格格式
  • 工作单格式
  • 卡片格式
题名:
听觉障碍儿童的发展与教育
    
 
作者: 贺荟中 编著
分册:  
出版信息: 北京   北京大学出版社  2018.03
页数: 257页
开本: 26cm
丛书名:
单 册:
中图分类: G762.4
科图分类:
主题词: 听力障碍--儿童教育--教材
电子资源:
ISBN: 978-7-301-28103-1
000 01079nam0 2200265 450
001 0108153912
005 20210322112308.18
010    @a978-7-301-28103-1@dCNY49.00
100    @a20180714e20192018em y0chiy50 ea
101 0  @achi
102    @aCN@b110000
105    @aa az 000yy
106    @ar
200 1  @a听觉障碍儿童的发展与教育@Ating jue zhang ai er tong de fa zhan yu jiao yu@f贺荟中编著
205    @a2版
210    @a北京@c北京大学出版社@d2018.03@h2019.08
215    @a257页@c图@d26cm
300    @a21世纪特殊教育创新教材·发展与教育系列/方俊明总主编
320    @a有书目(第244-257页)
330    @a本书分析了听觉障碍儿童的身心发展特点,探讨了如何根据其身心特点有效地开展交流与语言发展和教育。0—3岁听觉障碍儿童的教育是其发展与教育重要阶段,本书关于以家庭为中心的0—3岁听觉障碍儿童的教育的内容能有效解决0—3岁听觉障碍儿童的父母面对听觉障碍儿童的困惑,帮助理解听觉障碍的确切内涵与意义等。
606 0  @a听力障碍@x儿童教育@j教材
690    @aG762.4@v5
701  0 @a贺荟中@Ahe hui zhong@4编著
801  0 @aCN@bBJSZM@c20210308
905    @b1272523-6@dG762.4@e233=2@f4
    
    听觉障碍儿童的发展与教育/贺荟中编著.-2版.-北京:北京大学出版社,2018.03(2019.08)
    257页:图;26cm
    21世纪特殊教育创新教材·发展与教育系列/方俊明总主编
    
    ISBN 978-7-301-28103-1:CNY49.00
    本书分析了听觉障碍儿童的身心发展特点,探讨了如何根据其身心特点有效地开展交流与语言发展和教育。0—3岁听觉障碍儿童的教育是其发展与教育重要阶段,本书关于以家庭为中心的0—3岁听觉障碍儿童的教育的内容能有效解决0—3岁听觉障碍儿童的父母面对听觉障碍儿童的困惑,帮助理解听觉障碍的确切内涵与意义等。
●
相关链接 在E读中查询图书 在五车中查询图书 在当当中查询图书 在豆瓣中查询图书


正题名:听觉障碍儿童的发展与教育     索取号:G762.4/233=2         预约/预借

序号 登录号 条形码 馆藏地/架位号 状态 备注
1 1272523   212725238   第一样本阅览室/ [索取号:G762.4/233=2] 在馆    
2 1272524   212725247   教育系资料室/ [索取号:G762.4/233=2] 在馆    
3 1272525   212725256   教育系资料室/ [索取号:G762.4/233=2] 在馆    
4 1272526   212725265   第四借阅区/ [索取号:G762.4/233=2] 在馆    
唐山师范学院图书馆 欢迎您!
大连网信软件有限公司© 版权所有